000 00640nam a2200193Ia 4500
008 140626s9999 xx 000 0 und d
100 _aHolmes, Michael.
245 4 _aThe interrelationships among informal institutions, formal institutions, and inward foreign direct investment /
_cMichael Holmes ... [et al.].
260 _cc2013.
300 _a39 : 2, page 531
440 _aJournal of Management
521 _aBSBA
650 _aConstruct validity.
650 _aForeign direct investment.
650 _aFormal and informal instructions.
650 _aInstitutional theory.
650 _aInternationalization.
942 _cSE
999 _c121020
_d121020